000
00323nam a22001337a 4500
005
20250901165819.0
008
250409b |||||||| |||| 00| 0 eng d
020
_a
9789966228192
050
_a
PL 8704.M83 2010
245
_a
DAU LA ANGELIKA
_c
MWAVALI ANDUVATE
260
_a
NAIROBI
_b
JKF
_c
2010
300
_a
297
942
_2
lcc
999
_c
9573
_d
9573